<?xml version="1.0" encoding="UTF-8"?>
<record
    xmlns:xsi="http://www.w3.org/2001/XMLSchema-instance"
    xsi:schemaLocation="http://www.loc.gov/MARC21/slim http://www.loc.gov/standards/marcxml/schema/MARC21slim.xsd"
    xmlns="http://www.loc.gov/MARC21/slim">

  <leader>00330    a2200109   4500</leader>
  <controlfield tag="001">ART_6467</controlfield>
  <controlfield tag="005">20260410161826.0</controlfield>
  <controlfield tag="008">260409a                                 </controlfield>
  <datafield tag="245" ind1="1" ind2="0">
    <subfield code="a">Pol&#xED;tica social y acumulaci&#xF3;n de capital en la Argentina</subfield>
  </datafield>
  <datafield tag="100" ind1="1" ind2=" ">
    <subfield code="a">Nahon, Cecilia</subfield>
  </datafield>
  <datafield tag="773" ind1="0" ind2=" ">
    <subfield code="t">FACES</subfield>
    <subfield code="g">- A&#xF1;o 8, N&#xBA; 15 (sep./dic. 2002)</subfield>
    <subfield code="w">REV5046</subfield>
  </datafield>
  <datafield tag="999" ind1=" " ind2=" ">
    <subfield code="c">22763</subfield>
    <subfield code="d">22763</subfield>
  </datafield>
</record>
